01334cam a2200313 a 450000100090000000300040000900500170001300800410003001000170007102000150008804000180010304200140012105000210013508200160015624501640017224601150033626000560045130000330050750400520054061000300059265000490062265000630067171000300073490600450076494200120080999900130082195200930083495200930092711971005OSt20230605095728.0991109s1999 gw abo b 000 0 eng d a 00348360  a393371432X aCBGcCBGdDLC alccopycat00aJS113b.C57 1999 a323.01bSTI00aCitizens and communities in the 21st century :bdevelopment of local government in the international co-operation activities of the Konrad Adenauer Foundation.30aDevelopment of local government in the international co-operation activities of the Konrad Adenauer Foundation aCologne, Germany :bKonrad-Adenauer-Stiftungc1999. a43 p. :bill., map ;c28 cm. aIncludes bibliographical references (p. 42-43).20aKonrad-Adenauer-Stiftung. 0aLocal governmentxInternational cooperation. 0aDecentralization in governmentxInternational cooperation.2 aKonrad-Adenauer-Stiftung. a7bcbcccopycatd3encipf20gy-gencatlg 2ddccBK c254d254 00102ddc4070a001b001d2023-06-05l0o323.01 STIp100081r2023-06-05w2023-06-05yBK 00102ddc4070a001b001d2023-06-05l0o323.01 STIp100082r2023-06-05w2023-06-05yBK